Famous dishes around the world (Easy) - Country Quiz - Statistics

General Stats
  • This quiz has been taken 22 times
  • The average score is 13 of 16
Answer Stats
Picture Hint Answer % Correct
Brezel Germany
100%
Sushi Japan
100%
Tacos Mexico
100%
Paella Spain
100%
Breakfast United Kingdom
100%
Kung Pao Chicken China
94%
Pizza Italy
94%
BBQ USA
88%
Schnitzel Austria
81%
Gyro Greece
81%
Borscht Russia
81%
Tandoori Chicken India
75%
Baklava Turkey
69%
Köttbullar Sweden
63%
Meat Pie Australia
50%
Jollof Ghana
25%
No matching quizzes found
Score Distribution
Percent of People with Each Score
Percentile by Number Answered
Your Score History
You have not taken this quiz